000 00305nam a22001097a 4500
082 _a400
100 _aShukla,Rahul
_979447
245 _aSSC एस एस सी Voice & Narration Anglo-Hindi
260 _aनई दिल्‍ली
_bGuider Compatitive Group
_c2020
650 _aGK
_979449
942 _cHIN
999 _c63060
_d63060